| 000 | 00646cam a2200193 a 4500 | ||
|---|---|---|---|
| 020 | _a0375401628 (alk. paper) | ||
| 040 | _cDLC | ||
| 082 | 0 | 0 | _a813 KON 2000 A0972 Or. |
| 100 | 1 | _aSanchez, Thomas. | |
| 245 | 1 | 0 |
_aDay of the bees : _ba novel / |
| 250 | _a1st ed. | ||
| 260 |
_aNew York : _bA.A. Knopf : _bDistributed by Random House, _c2000. |
||
| 300 |
_a305 p. ; _c25 cm. |
||
| 650 | 0 | _aWorld War, 1939-1945 | |
| 856 | 4 | 2 | _uhttp://www.loc.gov/catdir/bios/random059/99031385.html |
| 856 | 4 | 1 | _uhttp://www.loc.gov/catdir/samples/random041/99031385.html |
| 856 | 4 | 2 | _uhttp://www.loc.gov/catdir/description/random043/99031385.html |
| 942 | _cEK | ||
| 999 |
_c16217 _d16217 |
||